000 00886nam a2200253 a 4500
003 BLK
005 20250212115039.0
008 221114b bul|||||r ||||||| ||bul||
020 _a9786197540161
040 _aBLK
041 _aBUL
_cBUL
080 _aБългарска литература
_b821.163.2
_x-31
_z821.163.2-31
084 _aК 16
100 1 _aКалбуров, Димитър
_9345554
245 1 0 _aОт другата страна
_cДимитър Калбуров.
257 _aBGR
260 _aСофия
_bПощенска кутия за приказки
_c2022
_fСофия : Алианс принт
300 _a450 с.
_c21 см
380 _aX
852 _bП
_c821.163.2-31/К 16 Д
942 _cKNG
_n0
_019
_s1
944 _k30575
_lМартин Енчев
_aED
_c2024-06-11
999 _c480539
_d480539